Toán học đại cương và toán - lý - hóa Hình học giải tích
Đã lưu trong:
| Hovedforfatter: | |
|---|---|
| Format: | Bog |
| Sprog: | Undetermined |
| Udgivet: |
Huế
Viện Đại học Huế
1962
|
| Fag: | |
| Tags: |
Tilføj Tag
Ingen Tags, Vær først til at tagge denne postø!
|
| Thư viện lưu trữ: | Trung tâm Học liệu Trường Đại học Cần Thơ |
|---|
| LEADER | 00562nam a2200181Ia 4500 | ||
|---|---|---|---|
| 001 | CTU_1417 | ||
| 008 | 210402s9999 xx 000 0 und d | ||
| 082 | |a 516.34 | ||
| 082 | |b Tr561 | ||
| 100 | |a Nguyễn Văn Trường | ||
| 245 | 0 | |a Toán học đại cương và toán - lý - hóa | |
| 245 | 0 | |b Hình học giải tích | |
| 245 | 0 | |c Nguyễn Văn Trường | |
| 260 | |a Huế | ||
| 260 | |b Viện Đại học Huế | ||
| 260 | |c 1962 | ||
| 650 | |a geometry, analytic | ||
| 980 | |a Trung tâm Học liệu Trường Đại học Cần Thơ | ||